000 02257cam a22004934i 4500
003 PE-LiUPU
005 20250731165521.0
008 150623s r 000 0 d
035 _a(Sirsi) a27289
035 _a(Sirsi) a27289
040 _aPE-LiUPU
_bspa
_cPE-LiUPU
_erda
082 0 4 _a221.07
_bJ
_221
111 2 _aSheffield Colloquium
_n2do.
_d1995
_cUniversity of Sheffield
245 1 4 _aThe Bible in ethics.
_n207 /
_cJohn W. Rogerson.
264 1 _aSheffield, Inglaterra :
_bSheffield Academic Press,
_c1995.
300 _a379 páginas ;
_c24 cm.
336 _atext
_2rdacontent
337 _aunmediated
_2rdamedia
338 _avolume
_2rdacarrier
490 0 _aJournal for the Study of the Old Testament Series ;
_v207
505 0 _aDiscourse ethics and biblical ethics. From law to virtue and back again: on veritatis splendor. Ideology, theology and sociology: from kautsky to meeks. Reading for life: the use of the Bible in ethics and the work of Martha C. Nussbaum. Thics as deconstruction, and, the thics of deconstruction. Theological education as a theory-praxis loop: situating the book of joshua in a cultural, social ethical, and theological matrix. Divine character and the formation of moral community in the book of exodus. Nationalism and the Hebrew Bible. Ethics and the Old Testament.
526 _aSEG44
526 _aSEG26
526 _aP151
526 _aP150
526 _aP149
526 _aP146
526 _aP145
526 _aP126
526 _aP125
526 _aP92
526 _aP75
526 _aP74
526 _aP27
526 _aP15
650 0 4 _aEtica en la Biblia
_xCongresos.
650 0 4 _aEtica
_xCongresos.
942 _2ddc
_cBOOK
949 _aRC 221.07 J 207
_wDEWEY
_c1
_i52585
_lRC
_mBUL
_p4.00
_r0
_sY
_tBOOK
_u2015-6-24
_xTEOLOGIA
_PP35
_0COMPRA
_o.CIRCNOTE. No olvidar cambiar la fecha de devolución!!!!!!!
_o.STAFF. Colección General
994 _aC0
_bPEPRU
596 _a1
999 _aRC 221.07 J 207
_wDEWEY
_c34412
_i52585
_f2021-11-8
_g6
_lCCODEBUL1
_mBUL
_p4.00
_r1
_sY
_tBOOK
_u2015-6-24
_xTEOLOGIA
_PP35
_0COMPRA
_o.CIRCNOTE. No olvidar cambiar la fecha de devolución!!!!!!!
_o.STAFF. Colección General
_d34412
980 _81
_gALBERTO SANCHEZ Responsable de Automatización